Contiguity and the statistical invariance principle
Αποθηκεύτηκε σε:
| Κύριος συγγραφέας: | |
|---|---|
| Άλλοι συγγραφείς: | |
| Μορφή: | Βιβλίο |
| Γλώσσα: | English |
| Δημοσίευση: |
New York :
Gordon and Breach,
c1985
|
| Σειρά: | Stochastics monographs ;
; 1 |
| Θέματα: | |
| Ετικέτες: |
Προσθήκη ετικέτας
Δεν υπάρχουν, Καταχωρήστε ετικέτα πρώτοι!
|
MARC
| LEADER | 00000cam a2200000 i 4500 | ||
|---|---|---|---|
| 001 | 1/57449 | ||
| 008 | 941103s1985 eng d | ||
| 020 | |a 2881240135 | ||
| 035 | |l 10045741 | ||
| 035 | |a 1992 |c ΜΑΡΑΣ | ||
| 040 | |a GR-MY-UA |b gre |e aacr | ||
| 041 | 0 | |a eng | |
| 082 | 0 | |a 519.2 |2 (19) | |
| 100 | 1 | |a Greenwood, P. E. |d 1937- | |
| 245 | 1 | 0 | |a Contiguity and the statistical invariance principle / |c P.E. Greenwood and A.N. Shiryayev |
| 260 | |a New York : |b Gordon and Breach, |c c1985 | ||
| 300 | |a viii, 236 p.; |c 24 cm | ||
| 490 | 1 | |a Stochastics monographs |v ; 1 | |
| 500 | |a Includes index | ||
| 504 | |a Bibliography: p. 227-230 | ||
| 650 | 0 | 0 | |a Stochastic processes. |
| 650 | 0 | 0 | |a Measure theory. |
| 650 | 0 | 0 | |a Continuity. |
| 700 | 1 | |a Shiriaev, Albert Nikolaevich. | |
| 830 | 0 | |a Stochastics monographs ; |v ; 1 | |
| 852 | |a INST |b SAMOS |e 19941103 |h 519.2 GRE |p 005300003015 |q 005300003015 |t BK |y 0 | ||
| 909 | |a Σ |b 023847 | ||